Statistics for Nacionalni parkovi Hrvatske

Click here to take the quiz!

General Stats

  • This quiz has been taken 33 times
  • The average score is 5 of 8

Answer Stats

OpisNacionalni park% Correct
U parku se nalazi 16 jezera povezanih slapovima i vodopadima.Plitvička Jezera
100%
Krška rijeka sa slapovima.Krka
68%
Otočni park s više od 200 okamenjenih otisaka stopala dinosaura.Brijuni
64%
Šumovit otok sa značajnim uvala Veliko Jezero i Malo jezero.Mljet
54%
Planinski park unutar kojeg se nalazi izvor rijeke Kupe.Risnjak
54%
Park se sastoji od 89 otoka, otočića i hridi.Kornati
54%
Planinski park s dva duboka kanjona: Velika _____ i Mala _____.Paklenica
50%
U parku se nalaze prašuma Štirovača i najdublja krška jama u Hrvatskoj.Sjeverni Velebit
36%

Score Distribution

Percentile by Number Answered

Percent of People with Each Score

Your Score History

You have not taken this quiz